LEADER 01456nam0 2200289 450 001 000043389 005 20171017125539.0 100 $a20171016d1961----km-y0itaa50------ba 101 0 $aita 102 $aIT 200 1 $a<>attuale situazione di diritto in materia di contratti agrari$ele possibilita di evoluzione delle strutture$fConferenza nazionale del mondo rurale e dell'agricoltura, Roma, 8 giugno 1961$ga cura di C. Sellerio-Oddo 210 $aRoma$cIstituto poligrafico dello Stato$d1961 215 $a41 p.$d25 cm. 300 $aIn testa al frontespizio: Bozze di stampa 316 $aSulla pagina precedente il frontespizio, firma autografa e data: Gioacchino Viggiani, 8 giugno 1961 606 1 $aContratti agrari$xLegislazione 676 $a343.076$v(22. ed.)$9Diritto in materia di agricoltura e industrie agricole 702 1$aSellerio Oddo,$bConcetta 710 12$aConferenza nazionale del mondo rurale e dell'agricoltura$f<1961$e; Roma>$0419243 801 0$aIT$bUniversità della Basilicata - B.I.A.$gREICAT$2unimarc 912 $a000043389 996 $aAttuale situazione di diritto in materia di contratti agrari$91532090 997 $aUNIBAS CAT $aSTD017$b01$c20171016$lBAS01$h1911 CAT $aTTM$b30$c20171017$lBAS01$h1255 FMT Z30 -1$lBAS01$LBAS01$mBOOK$1BASA2$APolo Tecnico-Scientifico$2FVIG$BFondo Viggiani$3FVig/41720$641720$5T41720$7Collocato presso la Scuola di Agraria$820171016$f35$FStanza riservata